Un Príncipe de la moindre action en économie politique / (Record no. 67908)

MARC details
000 -LEADER
campo de control de longitud fija 00659nam a2200169 i 4500
001 - NÚMERO DE CONTROL
campo de control 67908
003 - IDENTIFICADOR DE NÚMERO DE CONTROL
campo de control ES-MaACL
005 - FECHA Y HORA DE LA ÚLTIMA TRANSACCIÓN
campo de control 20230906170153.0
007 - CAMPO FIJO DE DESCRIPCIÓN FÍSICA--INFORMACIÓN GENERAL
campo de control de longitud fija t|
008 - DATOS DE LONGITUD FIJA--INFORMACIÓN GENERAL
campo de control de longitud fija 040216s1947 fr ||||1| fre d
100 1# - ENTRADA PRINCIPAL--NOMBRE DE PERSONA
Nombre de persona Gallego Díaz, José.
9 (RLIN) 53559
245 13 - MENCIÓN DEL TÍTULO
Título Un Príncipe de la moindre action en économie politique /
Mención de responsabilidad, etc. par José Gallego Díaz.
260 ## - PUBLICACIÓN, DISTRIBUCIÓN, ETC.
Lugar de publicación, distribución, etc. [S.l.] :
Nombre del editor, distribuidor, etc. Les Editions de la Revue Scientifique,
Fecha de publicación, distribución, etc. 1947 (
Lugar de fabricación/manufactura Paris :
Fabricante Gautier-Villars)
300 ## - DESCRIPCIÓN FÍSICA
Extensión P. [597]-600 ;
Dimensiones 32 cm.
500 ## - NOTA GENERAL
Nota general Es separata de: Revue Scientifique. Nos. 3247-3275-1er. et. 15 juin 1947-fasc. 10 de la 85 anuñee. págs. 597-600.
852 ## - LOCALIZACIÓN
Ubicación ES-MaACL
Número de control de estantería 1869-F-18
Sublocalización o colección R.24353
Holdings
Estatus retirado Estado de pérdida Estado de daño No para préstamo Colección Biblioteca de origen Biblioteca actual Ubicación en estantería Fecha de adquisición Fuente de adquisición Total de préstamos Signatura topográfica completa Código de barras Visto por última vez Precio de reemplazo Tipo de ítem Koha
        Colección de folletos Biblioteca del Ateneo de Madrid Biblioteca del Ateneo de Madrid Depósito folletos 17/01/2008     1869-F-18 1071096 23/02/2023 23/02/2023 Folleto